Państwa na literę s - Statystyki

Ogólne statystyki
  • Ten quiz został rozwiązany 1 107 razy
    804 od ostatniego zresetowania
  • Średni wynik to 12 z 23
Statystyki odpowiedzi
# Kraje % Poprawnych
# Szwecja
90%
# Słowacja
82%
# Słowenia
82%
# Szwajcaria
82%
# Serbia
76%
# Somalia
62%
# Sudan
60%
# Senegal
58%
# San Marino
56%
# Syria
54%
# Sri Lanka
53%
# Salwador
52%
# Stany Zjednoczone
52%
# Seszele
50%
# Singapur
50%
# Surinam
48%
# Sudan Południowy
47%
# Samoa
42%
# Saint Lucia
37%
# Saint Vincent i Grenadyny
35%
# Saint Kitts i Nevis
32%
# Sierra Leone
30%
# Suazi
20%
Nie znaleziono quizów pasujących do podanych kryteriów
Rozkład punktacji
Procent ludzi z każdym wynikiem
Percentyl według liczby udzielonych odpowiedzi
Twoja historia wyników
Nie rozwiązałeś tego quizu od ostatniego zresetowania